000 01226nam a2200301 a 4500
001 BRCA_3378
005 20190320204242.0
041 _aeng
044 _aenk
084 _a667
_b.R68
_c1902
100 1 _aCervantes Saavedra, Miguel de
_d1547-1616
_9213
245 1 0 _aAdventures of Don Quixote de la Mancha
_cTranslated from the Spanish of Miguel de Cervantes Saavedra by Charles Jarvis.
260 _aLondres
_bGeorge Routledge and Sons
_c1902
300 _a1 v. en 2 partes (xii, 531 p.)
_bil.
_c21 cm.
500 _aContenido : Primera parte. Prólogo del autor. Segunda parte. Prólogo del autor
500 _aEdición económica de la versión de Jarvis con ilustraciones de Gilbert. Tela Lúdovik Osterc
500 _aQM1110
546 _aTexto en : inglés
650 1 4 _aNovela española
_yÉpoca clásica, 1500-1700
_9215
650 1 4 _aLiteratura española
_yÉpoca clásica, 1500-1700
_9216
650 1 4 _aNovela española
_ySiglo XVII
_9217
650 1 4 _aDon Quijote (Personaje ficticio)
_eNovela
_9218
700 1 _aJarvis, Charles
_d?-1739
_eTraductor
_98891
700 1 _aGilbert, John
_d1817-1897
_eIlustrador
_98892
740 0 _aEl Ingenioso Hidalgo Don Quijote de la Mancha
902 _aQFM
942 _2lcc
_cB
999 _c3114
_d3114